Rechnergestützte Betriebsorganisation CA-Techniken in der Fertigung

Guardado en:
Detalles Bibliográficos
Formato: Libro
Lenguaje:alemán
Publicado: Berlin Springer 1993
Edición:1. Aufl.
Materias:
Etiquetas: Agregar Etiqueta
Sin Etiquetas, Sea el primero en etiquetar este registro!

MARC

LEADER 00000nam a2200000 4500
001 c005773
005 20221206074948.1
020 |a 3-540-57317-8 
041 0 |a ger 
044 |a DE 
245 1 0 |a Rechnergestützte Betriebsorganisation  |b CA-Techniken in der Fertigung 
250 |a 1. Aufl. 
264 1 |a Berlin  |b Springer  |c 1993 
300 |a 367 s. 
610 2 0 |a organizácia podniku 
610 2 0 |a podnik 
610 2 0 |a výroba 
610 2 0 |a automatizácia 
610 2 0 |a informácie 
610 2 0 |a plánovanie 
610 2 0 |a technika 
610 2 0 |a NC 
610 2 0 |a DNC 
610 2 0 |a CNC 
610 2 0 |a integrácia 
610 2 0 |a CAD 
610 2 0 |a CAM 
610 2 0 |a CAI